1208 1658 1707 1440 1456 1717 1541 1992 1883 1433 1900 1937 1538 1871 1551 1659 1796 1460 1669 1754 1911 1617 1192 1115 1476 1505 1233 1606 1715 1426 1206 1025 1402 1504 1386 1194 1728 1749 1419 1995 1413 1272 1943 1417 1355 1924 1928 1562 1435 1399 1323 1117 1405 1971 1730 1720 1466 1789 1870 1065 1048 1785 1938 1305 1413 1193 1298 1788 1177 1527 1724 1050 1239 1598 1044 1333 1651 1068 1465 1962 1077 1615 1466 1078 1161 1550 1853 1075 1440 1200 1335 1577 1652 1575 1018 1996 1691 1470 1012 BCNSPRNW ULIB Ver.6.0+V

เปลี่ยนเป็นภาษาไทย

Change to English
 แสดงรายละเอียดบรรณานุกรม
  กลับหน้าหลัก

Brief Record : Get Marc (ISO 2709) : E-mail record : QR code < ปิดหน้าต่าง
LEADER : 00000nam 2200000uu 4500
001    13399126928
003     ULIB
008    190905s2562||||th 000 0 tha d
020    ^a9786164261327
060 04 ^aWG102^bก185ส
100 0  ^aกรองกาญจน์ ชูทิพย์
245 10 ^aสรีรวิทยาระบบหัวใจร่วมหลอดเลือดกับการประยุกต์ใช้ทางเภสัชวิทยา =^bCardiovascular physiology and pharmacological Applications /^cกรองกาญจน์ ชูทิพย์
250    ^aพิมพ์ครั้งที่ 3
260    ^aพิษณุโลก :^bสำนักพิมพ์มหาวิทยาลัยนเรศวร,^c2562
300    ^ax, 540 หน้า :^bภาพประกอบ ;^c27 ซม.
500    ^aผู้ใหญ่
505 0  ^a1.บทนำสรีรวิทยาระบบหัวใจร่วมหลอดเลือด--2.คุณสมบัติทางไฟฟ้าของหัวใจ--3.คุณสมบัติเชิงกลของหัวใจ--4.สรีรวิทยาของหลอดเลือด--5.การควบคุมการทำงานของระบบหัวใจร่วมหลอดเลือด--6.สรีรวิทยาของหลอดเลือดกับการประยุกต์ใช้ในงานวิจัยพื้นฐาน
650  2 ^aCardiovascular Physiological Phenomena
650  2 ^aCardiovascular System^xanatomy & histology
650  2 ^aRespiratory Physiology
650  2 ^aRespiratory System^xanatomy & histology
650  4 ^aหัวใจ^xสรีรวิทยา
650  4 ^aหัวใจร่วมหลอดเลือด, ระบบ^xสรีรวิทยา
650  0 ^aมหาวิทยาลัยนเรศวร
710 2  ^aมหาวิทยาลัยนเรศวร.^bคณะวิทยาศาสตร์การแพทย์.^bภาควิชาสรีรวิทยา
945    ^p590^l0^i27616
945    ^p590^l0^i27615
945    ^p590^l0^i27614
945    ^p590^l0^i27613
945    ^p590^l0^i27612
999    ^aกัณชพร จุลอักษร
รายการนี้ยังไม่มีแท็ก
คุณยังไม่ได้ล็อกอิน คุณสามารถมีกิจกรรมร่วมกับเว็บไซต์ได้ แต่ต้องล็อกอินก่อน ::
  ล็อกอิน

รายการสื่อสารสนเทศ

ลำดับที่ ประเภท เลขเรียก/บาร์โค้ด สถานที่ สถานะ
1. หนังสือสำรอง
หนังสือสำรอง
WG102 ก185ส ฉ.1 
  Barcode: 27612
ห้องสมุดวิทยาเขตนครสวรรค์
►หนังสือทั่วไป:l:General Books
บนชั้น
2. วิทยาศาสตร์การแพทย์ และสุขภาพ
วิทยาศาสตร์การแพทย์ และสุขภาพ
WG102 ก185ส ฉ.2 
  Barcode: 27613
ห้องสมุดวิทยาเขตนครสวรรค์
►หนังสือทั่วไป:l:General Books
บนชั้น
3. วิทยาศาสตร์การแพทย์ และสุขภาพ
วิทยาศาสตร์การแพทย์ และสุขภาพ
WG102 ก185ส ฉ.3 
  Barcode: 27614
ห้องสมุดวิทยาเขตนครสวรรค์
►หนังสือทั่วไป:l:General Books
บนชั้น
4. วิทยาศาสตร์การแพทย์ และสุขภาพ
วิทยาศาสตร์การแพทย์ และสุขภาพ
WG102 ก185ส ฉ.4 
  Barcode: 27615
ห้องสมุดวิทยาเขตนครสวรรค์
►หนังสือทั่วไป:l:General Books
บนชั้น
5. วิทยาศาสตร์การแพทย์ และสุขภาพ
วิทยาศาสตร์การแพทย์ และสุขภาพ
WG102 ก185ส ฉ.5 
  Barcode: 27616
ห้องสมุดวิทยาเขตนครสวรรค์
►หนังสือทั่วไป:l:General Books
บนชั้น

รายการใกล้เคียง
    ผู้แต่ง [กรองกาญจน์ ชูทิพย์]

    หัวเรื่อง [Cardiovascular Physiological Phenomena]
    หัวเรื่อง [Respiratory Physiology]
    หัวเรื่อง [มหาวิทยาลัยนเรศวร]

BibComment


ยังไม่เคยถูกคอมเมนท์

คอมเมนท์ทรัพยากรรายการนี้
  คอมเมนท์: สรีรวิทยาระบบหัว..


 Copyright 2026. Bcnsprnw @Library